000 00484nam a22001697a 4500
005 20251108170905.0
008 250721s1997 xx 000 0 ara d
082 1 4 _a745.61/أده
100 1 _aحنش، أدهام محمد
245 1 0 _aالخط العربي و إشكالية النقد الفني /
264 1 _aعمان :
_bدار المناهج،
_c1997.
300 _a155ص
650 1 7 _aالخط العربي
650 1 7 _aالفن
942 _2ddc
_cBK
999 _c51432
_d51432